[Event "Sitges op 48th"]
[Site "Sitges"]
[Date "2024.07.28"]
[Round "7"]
[White "Escoriza Pons, Xavier"]
[Black "Gyaneshwar, Boda"]
[Result "0-1"]
[WhiteElo "1973"]
[BlackElo "1943"]
[PlyCount "91"]
[EventDate "2024.07.22"]
[EventType "swiss"]
[EventRounds "9"]
[EventCountry "ESP"]
[SourceTitle "CB31_2024"]
[SourceDate "2024.07.31"]
[SourceVersion "1"]
[SourceVersionDate "2024.07.31"]
[SourceQuality "1"]

1. d4 d5 2. c4 c6 3. Nf3 Nf6 4. Nc3 e6 5. e3 Nbd7 6. Bd3 dxc4 7. Bxc4 b5 8. Bd3 a6 9. 0-0 c5 10. Qe2 Bb7 11. Rd1 Qb6 12. a4 c4 13. Bc2 b4 14. a5 Qc7 15. Na4 Qxa5 16. Qxc4 Rc8 17. Qe2 Ne4 18. Bxe4 Bxe4 19. Bd2 Qb5 20. Qxb5 axb5 21. Nc5 Nxc5 22. dxc5 Bxc5 23. Rdc1 0-0 24. Rxc5 Rxc5 25. Bxb4 Rc2 26. Bxf8 Kxf8 27. Rb1 Rxf2 28. Kxf2 Bxb1 29. Ke2 Ba2 30. Kd2 Bc4 31. Kc3 f6 32. Nd4 e5 33. Nf5 Bf1 34. Kb4 g6 35. Nd6 Bxg2 36. Kxb5 f5 37. Nc4 Bf1 38. Kc5 Bxc4 39. Kxc4 f4 40. Kd3 g5 41. Ke4 Ke7 42. h4 h6 43. Kf3 Kd6 44. e4 Kc5 45. Kg4 Kd4 46. hxg5 0-1

[Event "Sitges op 48th"]
[Site "Sitges"]
[Date "2024.07.24"]
[Round "3"]
[White "Ostensson, Julia"]
[Black "Gyaneshwar, Boda"]
[Result "1/2-1/2"]
[WhiteElo "2004"]
[BlackElo "1943"]
[PlyCount "54"]
[EventDate "2024.07.22"]
[EventType "swiss"]
[EventRounds "9"]
[EventCountry "ESP"]
[SourceTitle "CB31_2024"]
[SourceDate "2024.07.31"]
[SourceVersion "1"]
[SourceVersionDate "2024.07.31"]
[SourceQuality "1"]

1. e4 c5 2. Nf3 d6 3. Bb5+ Nd7 4. c3 Ngf6 5. Qe2 a6 6. Ba4 b5 7. Bc2 Bb7 8. d4 g6 9. 0-0 Bg7 10. Re1 0-0 11. e5 dxe5 12. dxe5 Ng4 13. e6 Nde5 14. Nxe5 Nxe5 15. Bf4 Nc4 16. b3 Nb6 17. f3 Nd5 18. Be5 f6 19. Bg3 f5 20. Be5 Bxe5 21. Qxe5 Qc7 22. Qxc7 Nxc7 23. Re5 Rfd8 24. Rxc5 Nxe6 25. Re5 Kf7 26. a4 b4 27. cxb4 Rac8 1/2-1/2

[Event "Barcelona Sant Marti op-A 24th"]
[Site "Barcelona"]
[Date "2024.07.20"]
[Round "8"]
[White "Gyaneshwar, Boda"]
[Black "Valls Sole, Josep"]
[Result "0-1"]
[WhiteElo "1943"]
[BlackElo "1920"]
[PlyCount "68"]
[EventDate "2024.07.13"]
[EventType "swiss"]
[EventRounds "9"]
[EventCountry "ESP"]
[SourceTitle "CB30_2024"]
[SourceDate "2024.07.24"]
[SourceVersion "1"]
[SourceVersionDate "2024.07.24"]
[SourceQuality "1"]

1. d4 e6 2. c4 b6 3. Nc3 Bb7 4. e4 Bb4 5. f3 f5 6. exf5 Nh6 7. fxe6 0-0 8. Be3 Re8 9. Qd3 Qh4+ 10. g3 Qf6 11. 0-0-0 Bxc3 12. bxc3 Ng4 13. Bh3 h5 14. fxg4 Bxh1 15. gxh5 dxe6 16. Rf1 Qe7 17. Qg6 Nd7 18. Nf3 Bxf3 19. Rxf3 Nf8 20. Qg4 e5 21. Kb2 exd4 22. Bxd4 Rad8 23. Kb3 Rd6 24. Rf5 Ne6 25. Be5 Rd2 26. Bf6 Qd7 27. Bg5 Rxh2 28. Be3 Qd3 29. Rf2 Rxh3 30. Qxh3 Qxe3 31. Rf1 Nc5+ 32. Kb4 Ne4 33. Qd7 Qxc3+ 34. Kb5 Nd6+ 0-1

[Event "Barcelona Sant Marti op-A 24th"]
[Site "Barcelona"]
[Date "2024.07.19"]
[Round "7"]
[White "Binu, Devdutt"]
[Black "Gyaneshwar, Boda"]
[Result "1-0"]
[WhiteElo "2053"]
[BlackElo "1943"]
[PlyCount "49"]
[EventDate "2024.07.13"]
[EventType "swiss"]
[EventRounds "9"]
[EventCountry "ESP"]
[SourceTitle "CB30_2024"]
[SourceDate "2024.07.24"]
[SourceVersion "1"]
[SourceVersionDate "2024.07.24"]
[SourceQuality "1"]

1. d4 d5 2. c4 e6 3. Nc3 c5 4. cxd5 exd5 5. Nf3 Nc6 6. e3 Nf6 7. Be2 a6 8. 0-0 c4 9. Ne5 Qc7 10. Nxc6 Qxc6 11. Bf3 Bd6 12. Nxd5 Nxd5 13. e4 Be6 14. exd5 Bxd5 15. Re1+ Kf8 16. Bxd5 Qxd5 17. Be3 h5 18. Qd2 h4 19. h3 Rd8 20. Bg5 f6 21. Bf4 Kf7 22. Bxd6 Rxd6 23. Rac1 Qxd4 24. Qe2 Rc8 25. Rcd1 1-0

[Event "Barcelona Sant Marti op-A 24th"]
[Site "Barcelona"]
[Date "2024.07.18"]
[Round "6"]
[White "Gyaneshwar, Boda"]
[Black "Kallen, Jonas"]
[Result "1/2-1/2"]
[WhiteElo "1943"]
[BlackElo "2044"]
[PlyCount "69"]
[EventDate "2024.07.13"]
[EventType "swiss"]
[EventRounds "9"]
[EventCountry "ESP"]
[SourceTitle "CB30_2024"]
[SourceDate "2024.07.24"]
[SourceVersion "1"]
[SourceVersionDate "2024.07.24"]
[SourceQuality "1"]

1. d4 Nf6 2. c4 g6 3. g3 c6 4. Bg2 d5 5. Nf3 Bg7 6. 0-0 0-0 7. Ne5 dxc4 8. Nxc4 Be6 9. Ne5 Qb6 10. Nc3 Rd8 11. Nf3 Bg4 12. Qc2 Na6 13. e3 Nb4 14. Qe2 a5 15. h3 Bxf3 16. Bxf3 e5 17. dxe5 Nfd5 18. e4 Nxc3 19. bxc3 Na6 20. e6 fxe6 21. Qc4 Kh8 22. Bg5 Re8 23. Be3 Qb5 24. Qxb5 cxb5 25. Rab1 b4 26. cxb4 Nxb4 27. a3 Nc2 28. Rxb7 Nxe3 29. fxe3 Be5 30. Kg2 Rab8 31. Ra7 Ra8 32. Rxa8 Rxa8 33. Bg4 Bb2 34. a4 e5 35. Rb1 1/2-1/2

[Event "Barcelona Sant Marti op-A 24th"]
[Site "Barcelona"]
[Date "2024.07.16"]
[Round "4"]
[White "Gyaneshwar, Boda"]
[Black "Gonzalez Alonso, Marti"]
[Result "1/2-1/2"]
[WhiteElo "1943"]
[BlackElo "2059"]
[PlyCount "76"]
[EventDate "2024.07.13"]
[EventType "swiss"]
[EventRounds "9"]
[EventCountry "ESP"]
[SourceTitle "CB30_2024"]
[SourceDate "2024.07.24"]
[SourceVersion "1"]
[SourceVersionDate "2024.07.24"]
[SourceQuality "1"]

1. d4 d5 2. c4 c6 3. Nf3 Nf6 4. g3 Bf5 5. Nc3 h6 6. cxd5 cxd5 7. Qb3 Qb6 8. Qxb6 axb6 9. Bg2 e6 10. 0-0 Ne4 11. Nb5 Na6 12. Bf4 f6 13. Rfc1 Kd7 14. Nc7 Ra7 15. Nb5 Ra8 16. Bc7 Bc5 17. dxc5 Nxc7 18. Nxc7 Kxc7 19. Nd4 Kd7 20. cxb6 Rhc8 21. a3 Ra6 22. Rxc8 Kxc8 23. Rc1+ Kd8 24. Nxf5 exf5 25. Rd1 Rxb6 26. Bxe4 fxe4 27. Rxd5+ Kc7 28. Rd2 Kc6 29. e3 Kc5 30. Rc2+ Kb5 31. Kf1 Ka4 32. Ke2 Kb3 33. Kd2 Ka2 34. Kc1 f5 35. h4 h5 36. Rd2 g6 37. Rc2 Rb3 38. Rd2 Rb6 1/2-1/2

[Event "Barcelona Sant Marti op-A 24th"]
[Site "Barcelona"]
[Date "2024.07.13"]
[Round "1"]
[White "Barath, Kalyan M"]
[Black "Gyaneshwar, Boda"]
[Result "1-0"]
[WhiteElo "2086"]
[BlackElo "1943"]
[PlyCount "65"]
[EventDate "2024.07.13"]
[EventType "swiss"]
[EventRounds "9"]
[EventCountry "ESP"]
[SourceTitle "CB30_2024"]
[SourceDate "2024.07.24"]
[SourceVersion "1"]
[SourceVersionDate "2024.07.24"]
[SourceQuality "1"]

1. Nf3 d5 2. d4 Nf6 3. c4 e6 4. Nc3 c6 5. e3 Nbd7 6. b3 Bb4 7. Bd2 b6 8. Bd3 Bb7 9. 0-0 Bd6 10. Qe2 0-0 11. e4 dxe4 12. Nxe4 Be7 13. Rad1 c5 14. Nxf6+ Bxf6 15. dxc5 Nxc5 16. Bf4 Nxd3 17. Rxd3 Qc8 18. Ne5 Bxe5 19. Bxe5 f6 20. Bd6 Re8 21. f4 Qc6 22. Rfd1 Rad8 23. R3d2 g6 24. h4 Kf7 25. Rd4 Rd7 26. b4 Red8 27. c5 bxc5 28. bxc5 Ba6 29. Qe3 Rb7 30. R1d2 Rb1+ 31. Kh2 Bb7 32. f5 e5 33. Qh6 1-0